000 00302nam a22001337a 4500
008 180104b xxu||||| |||| 00| 0 eng d
020 _a9780822014164
041 _aeng
080 _a82
100 _a21
101 _aGJU
245 _aHAMLET COMPLETE STUDY EDITION
_cWILLIAM.SH
942 _2udc
_cBK
999 _c39774
_d39774